Biblioteca Fatec Adamantina

Justa causa na rescisão trabalhista : (Registro n. 824)

Detalhes MARC
000 -LEADER
fixed length control field 00758nam a22002537a 4500
003 - CONTROL NUMBER IDENTIFIER
control field OSt
005 - DATE AND TIME OF LATEST TRANSACTION
control field 20260422163644.0
007 - PHYSICAL DESCRIPTION FIXED FIELD--GENERAL INFORMATION
fixed length control field ta
008 - FIXED-LENGTH DATA ELEMENTS--GENERAL INFORMATION
fixed length control field 260422b bl ||||| |||| 00| 0 por d
020 ## - INTERNATIONAL STANDARD BOOK NUMBER
International Standard Book Number 8572831541
Qualifying information (encad.)
040 ## - CATALOGING SOURCE
Language of cataloging por
Transcribing agency OSt
041 0# - LANGUAGE CODE
Language code of text/sound track or separate title por
Language code of original por
082 ## - DEWEY DECIMAL CLASSIFICATION NUMBER
Classification number 342.6526
Item number F178j
100 1# - MAIN ENTRY--PERSONAL NAME
Personal name Falcão, Ismael Marinho
Dates associated with a name 1939-
9 (RLIN) 1129
210 ## - ABBREVIATED TITLE
Source Justa causa na rescisão trabalhista
245 10 - TITLE STATEMENT
Title Justa causa na rescisão trabalhista :
Remainder of title doutrina, prática e jurisprudência /
260 ## - PUBLICATION, DISTRIBUTION, ETC.
Place of publication, distribution, etc. Bauru :
Name of publisher, distributor, etc. Edipro,
Date of publication, distribution, etc. 1996.
300 ## - PHYSICAL DESCRIPTION
Extent 128 p. :
Dimensions 21 cm
504 ## - BIBLIOGRAPHY, ETC. NOTE
Bibliography, etc. note Bibliografia: p. 127-128
650 04 - SUBJECT ADDED ENTRY--TOPICAL TERM
Topical term or geographic name entry element Empregados-Dispensa
650 04 - SUBJECT ADDED ENTRY--TOPICAL TERM
Topical term or geographic name entry element Leis e legislação-Brasil
650 04 - SUBJECT ADDED ENTRY--TOPICAL TERM
Topical term or geographic name entry element Justa causa-Direito do trabalho
942 ## - ADDED ENTRY ELEMENTS (KOHA)
Source of classification or shelving scheme Dewey Decimal Classification
Koha item type LIVRO
Suppress in OPAC No
Exemplares
Withdrawn status Lost status Source of classification or shelving scheme Damaged status Not for loan Home library Current library Date acquired Total checkouts Full call number Barcode Date last seen Copy number Price effective from Koha item type
    Dewey Decimal Classification     Biblioteca Fatec Adamantina Biblioteca Fatec Adamantina 22.04.2026   342.6526 - F178j 2026-0111 22.04.2026 ex.1 22.04.2026 LIVRO

Para mais informações envie um e-mail para [email protected].